| 000 | 00471nam a2200157Ia 4500 | ||
|---|---|---|---|
| 008 | 151021s9999 xx 000 0 und d | ||
| 020 | _a851116590 | ||
| 050 | _aBR115 .C5S26 2001 | ||
| 245 | _a_6 Modern Myths about christianity and western civilization Philip J Sampson | ||
| 260 | _aIllinois InterVarsity 2001 | ||
| 300 | _a197p. | ||
| 500 | _aincludes index. | ||
| 500 | _aincludes index. | ||
| 650 | _a_Christianity | ||
| 980 | _a^d20150417 01:03:03^omwanik | ||
| 999 |
_c14981 _d14981 |
||